00657nab a2200193 uc450000100070000000500170000700800410002403500110006503500210007604000130009704100080011010000360011824500590015465000330021365000390024677301510028594200100043699900170044612115020241204092256.0970312e19960801 spa  a121150 a(OCoLC)819750498 ccomduadb aspa10aVirchenko, N.4auteaut931819410aAlgunos operadores integrales de tipo Buschman-Erdelyi aOperadores integrales915616 7aFunciones de Legendre2lemb9121080 tRevista Técnica de la Facultad de Ingeniería Universidad del Zulia (Maracaibo)gVol. 19, No. 02, Ago. 1996, p. 85-90w100816x0254-0770089895 cARIMP c71670d71670